|
|
|
|
| LEADER |
00000nab a2200000 a 4500 |
| 001 |
vtls000766239 |
| 003 |
SK-MaSNL |
| 005 |
20260302152917.0 |
| 008 |
160405c2001 xo 0 slo |
| 015 |
|
|
|a SNBRB2001/08-24578
|
| 035 |
|
|
|a CLN000118026
|
| 040 |
|
|
|a SNKBUCL
|b slo
|c SNKBUCL
|e AACR2
|
| 041 |
0 |
|
|a slo
|
| 044 |
|
|
|a xo
|c SK
|
| 080 |
|
|
|a 615.849:537.635
|2 1997
|
| 080 |
|
|
|a 537.635
|2 1997
|
| 100 |
1 |
|
|a Pauliny-Danielisová, Mariana,
|d 1947-
|4 aut
|9 37124
|
| 245 |
1 |
0 |
|a Magnetická rezonancia
|c Mariana Paulinyová
|
| 300 |
|
|
|b Fotogr.
|
| 650 |
0 |
7 |
|a magnetická rezonancia
|2 SNKPH
|9 50188
|
| 650 |
0 |
7 |
|a klinická aplikácia
|2 SNK
|9 847059
|
| 655 |
|
7 |
|a články z novín a časopisov
|2 SNK
|9 267496
|
| 773 |
0 |
|
|x 0044-1953
|t Zdravie
|g Roč. 57, č. 3 (2001), s. 31
|
| 850 |
|
|
|a Slovenská národná knižnica v Martine
|
| 852 |
|
|
|a SNK
|b KIS3GCP
|
| 958 |
|
|
|a MI
|
| 958 |
|
|
|a RBX
|
| 999 |
|
|
|c 1363881
|d 1365811
|